00535 2200217 4500001002100000005001500021008004100036020002200077035001900099041000700118082000800125090001400133100001600147245001800163260002300181300003300204650001500237990001900252990002300271990002300294INLIS00000000000192320241224112436241224||||||||| | ||| |||| || |  a978-979-571-501-6 0010-1224001923 aid0 a502 a502 ERL b0 aE. Erlangga00aBermain Sains bGaneca Exactc2007 aiv, 76 hlm. : ilus, ; 23 cm. 0aIlmu Murni a05.17.01.06.10 a05.17.01.06.07 002 a05.17.01.06.07 001